书目信息 |
| 题名: |
德加素描
|
|
| 作者: | 德加 , Degas 绘 ;全山石 , 谭永泰 译 | |
| 分册: | ||
| 出版信息: | 上海 上海人民美术出版社 1982 |
|
| 页数: | 89页 | |
| 开本: | 19cm | |
| 丛书名: | ||
| 单 册: | ||
| 中图分类: | J234(565) , J231 | |
| 科图分类: | ||
| 主题词: | 素描--法国--近代--画册 , 绘画--世界 , 绘画--各国 | |
| 电子资源: | ||
| ISBN: | ||
| 000 | 00883nam0 2200325 45 | |
| 001 | 0182007862 | |
| 005 | 20040519155557.0 | |
| 010 | @dCNY1.30 | |
| 091 | @a8081.12765 | |
| 100 | @a19950422d1982 em y0chiy0121 ea | |
| 101 | 1 | @achi@cfre |
| 102 | @aCN@b310000 | |
| 105 | @aa z 000yy | |
| 106 | @ar | |
| 200 | 10 | @a德加素描@Ade jia su miao@f(法)德加(E. Degas)绘@g全山石, 谭永泰译 |
| 210 | @a上海@c上海人民美术出版社@d1982 | |
| 215 | @a89页@d19cm | |
| 300 | @a版权页题名:德加素描集 | |
| 606 | @a素描@y法国@z近代@x画册 | |
| 606 | 0 | @a绘画@x世界 |
| 606 | 0 | @a绘画@y各国 |
| 690 | @aJ234(565)@v3 | |
| 690 | @aJ231 | |
| 701 | 1 | @a德加@Ade jia@bE.@4绘 |
| 701 | A1 | @aDegas@bE.@4绘 |
| 702 | 0 | @a全山石@Aquan shan shi@4译 |
| 702 | 0 | @a谭永泰@Atan yong tai@4译 |
| 801 | 0 | @aCN@b上海图书馆@c20040519 |
| 801 | 2 | @aCN@bNLC@c20040519 |
| 905 | @f2@b208691-692@dJ231@e24 | |
| 德加素描/(法)德加(E. Degas)绘/全山石, 谭永泰译.-上海:上海人民美术出版社,1982 |
| 89页;19cm |
| 版权页题名:德加素描集 |
| ISBN :CNY1.30 |
| ● |
| 相关链接 |
|
|
|
|
正题名:德加素描
索取号:J231/24
 
预约/预借
| 序号 | 登录号 | 条形码 | 馆藏地/架位号 | 状态 | 备注 |
| 1 | 0208691 | 000793421 | 第一借阅区/ [索取号:J231/24] | 在馆 | |
| 2 | 0208692 | 001929989 | 第一借阅区/ [索取号:J231/24] | 在馆 | |
| 3 | 0208693 | 000793476 | 第一样本阅览室/ [索取号:J231/24] | 在馆 |